000 00374nam a2200145Ia 4500
008 200103s9999||||xx |||||||||||||| ||und||
020 _a9781906915407,
040 _aIMU-MPC
082 _aColumn-4
100 _aDavies, Huw
245 0 _aNumerical weather prediction: A practical guide for mariners
260 _bThe Nautical Institute
_c2013
300 _a80
942 _cBK
999 _c3175
_d3175